UEFA Cup Winners - Statistics

General Stats
  • This quiz has been taken 778 times
  • The average score is 21 of 38
Answer Stats
Hint Answer % Correct
1973 Liverpool
84%
1976 Liverpool
84%
2001 Liverpool
84%
2006 FC Sevilla
77%
2007 FC Sevilla
77%
1991 Inter Milan
77%
1994 Inter Milan
77%
1998 Inter Milan
77%
1985 Real Madrid
77%
1986 Real Madrid
77%
2003 FC Porto
75%
1992 Ajax Amsterdam
72%
1977 Juventus
71%
1990 Juventus
71%
1993 Juventus
71%
1996 Bayern Munich
70%
2004 FC Valencia
64%
1978 PSV Eindhoven
60%
1974 Feyenoord
55%
2002 Feyenoord
55%
1972 Tottenham
53%
1984 Tottenham
53%
1989 Napoli
47%
2008 Zenit Saint Petersburg
47%
2000 Galatasaray
43%
2005 CSKA Moscow
41%
1983 Anderlecht
38%
1995 Parma
38%
1999 Parma
38%
1997 Schalke 04
37%
1988 Bayer Leverkusen
33%
2009 Shakhtar Donetsk
28%
1975 Borussia Mönchengladbach
27%
1979 Borussia Mönchengladbach
27%
1981 Ipswich Town
25%
1980 Eintracht Frankfurt
22%
1982 IFK Göteborg
20%
1987 IFK Göteborg
20%
No matching quizzes found
Score Distribution
Percent of People with Each Score
Percentile by Number Answered
Your Score History
You have not taken this quiz